Administration and financing of irrigation works in India /

Bibliographic Details
Main Author: Gulhati, N. D. (Niranjan Das), 1904-
Format: Book
Language:English
Published: [New Delhi] : Central Board of Irrigation and Power, 1965.
Series:[India (Republic) Central Board of Irrigation and Power] Publication no.77
Subjects:

MARC

Tag First Indicator Second Indicator Subfields
LEADER 00000cam a2200000 4500
001 in00000029491
005 20151007061532.0
008 791022s1965 ii ab 00010 eng
010 |a sa 67004239  
035 |a (OCoLC)05576595 
035 |9 AAD2364AM 
040 |a DLC  |c IPL  |d TXA  |d UtOrBLW 
049 |a TXAM  |c [470212] 
050 0 0 |a HD174.I3  |b G8 
092 |a 631.7  |b G971a, 1965 
100 1 |a Gulhati, N. D.  |q (Niranjan Das),  |d 1904- 
245 1 0 |a Administration and financing of irrigation works in India /  |c by N. D. Gulhati. 
264 1 |a [New Delhi] :  |b Central Board of Irrigation and Power,  |c 1965. 
300 |a vi, 104 pages :  |b illustrations, folded color map. ;  |c 24 cm. 
336 |a text  |b txt  |2 rdacontent 
337 |a unmediated  |b n  |2 rdamedia 
338 |a volume  |b nc  |2 rdacarrier 
490 0 |a [India (Republic) Central Board of Irrigation and Power] Publication no.77 
650 0 |a Irrigation  |z India. 
999 |a MARS 
999 f f |s 312a479c-f9e8-3b2c-8fe4-682bdb5574c3  |i 2d6af1d6-dd76-3e31-ae60-4e372b29be93  |t 0 
952 f f |p normal  |a Texas A&M University  |b College Station  |c Sterling C. Evans Library  |d Evans: Library Stacks  |t 0  |e HD174.I3 G8  |h Library of Congress classification  |i unmediated -- volume  |m A14801067280 
998 f f |a HD174.I3 G8  |t 0  |l Evans: Library Stacks